| 000 | 00642nam a2200241Ia 4500 | ||
|---|---|---|---|
| 003 | OSt | ||
| 005 | 20230518165344.0 | ||
| 008 | 210423s2005 xx 000 0 und d | ||
| 020 | _a978-3-540-25527-7 | ||
| 040 | _cAL | ||
| 041 | _aeng | ||
| 082 |
_a512.24 _223 _b KREC |
||
| 100 |
_aKREUZER (Martin);ROBBIANO (Lorenzo) _9109154 |
||
| 245 | _aComputational commutative algebra V 2 | ||
| 260 |
_aNew York _bSpringer Pvt Ltd _c2005 |
||
| 300 |
_ax,586 _bPB |
||
| 365 |
_b497.5 _cINR |
||
| 440 | _v2 | ||
| 650 |
_aAlgebra _9109155 |
||
| 650 |
_aMathematics _9109156 |
||
| 906 | _aalgebra ; commutative ; Computational | ||
| 942 |
_2ddc _cBK |
||
| 999 |
_c166845 _d166845 |
||